Most Streamed Bob Dylan Songs - Statistics

General Stats
  • This quiz has been taken 163 times
  • The average score is 10 of 20
Answer Stats
Streams Song % Correct
350,482,099 Like a Rolling Stone
96%
213,193,452 Blowin' in the Wind
89%
222,777,758 Hurricane
75%
494,517,067 Knockin' On Heaven's Door
72%
227,850,389 The Times They Are A-Changin'
67%
99,216,153 Tangled Up in Blue
64%
115,616,718 Mr. Tambourine Man
63%
142,652,014 Don't Think Twice, It's All Right
61%
103,360,414 Lay, Lady, Lay
52%
53,963,981 Subterranean Homesick Blues
48%
40,053,552 All Along the Watchtower
46%
190,440,069 Girl from the North Country
46%
89,691,654 Shelter from the Storm
36%
53,866,439 I Want You
33%
36,892,917 A Hard Rain's A-Gonna Fall
31%
34,266,208 Simple Twist of Fate
26%
31,254,644 Forever Young
23%
68,196,113 The Man in Me
23%
42,054,689 Make You Feel My Love
14%
32,287,402 One More Cup of Coffee
13%
No matching quizzes found
Score Distribution
Percent of People with Each Score
Percentile by Number Answered
Your Score History
You have not taken this quiz